000 00527nam a2200205Ia 4500
005 20260429112219.0
008 260429s9999||||xx |||||||||||||| ||und||
020 _a9788119684304
041 _aEnglish
082 _a547
_bKAN
100 _aKant, Ravi
245 0 _aEssentials of organic chemistry /
_cRavi Kant
250 _a1st ed.
260 _aJaipur :
_bBook Enclave,
_c2025.
300 _avii, 263 p.; hb
650 _a Organic chemistry
650 _aChemistry
700 _a Sharma, Dinesh Kumar
942 _cTB
999 _c52929
_d52929